Пропуск в контексте

Рак пищевода учебно-методическое пособие

В учебно-методическом пособии на современном уровне освещены наиболее важные практические вопросы клиники, диагностики, лечения рака пищевода. Представлены тесты для текущего контроля усвоенных знаний, список дополнительной литературы. Учебно-методическое пособие разработано на основе клинических ре...

Fuld beskrivelse

Сохранить в:
Bibliografiske detaljer
Hovedforfatter: Койчуев А. А.
Andre forfattere: Гулиева Л. А.
Format: Книга
Sprog:Russian
Udgivet: Ставрополь СтГМУ 2020
Online adgang:https://e.lanbook.com/book/216821
https://e.lanbook.com/img/cover/book/216821.jpg
Tags: Tilføj Tag
Ingen Tags, Vær først til at tagge denne postø!
LEADER 01720nam0a2200265 i 4500
001 216821
003 RuSpLAN
005 20221220174150.0
008 221220s2020 ru gs 000 0 rus
040 |a RuSpLAN 
041 0 |a rus 
044 |a ru 
080 |a 618.19-006 (072) 
084 |a 55.691.3я73  |2 rubbk 
245 0 0 |a Рак пищевода  |b учебно-методическое пособие  |c Койчуев А. А.,Гулиева Л. А. 
260 |a Ставрополь  |b СтГМУ  |c 2020 
300 |a 32 с. 
504 |a Библиогр.: доступна в карточке книги, на сайте ЭБС Лань 
520 8 |a В учебно-методическом пособии на современном уровне освещены наиболее важные практические вопросы клиники, диагностики, лечения рака пищевода. Представлены тесты для текущего контроля усвоенных знаний, список дополнительной литературы. Учебно-методическое пособие разработано на основе клинических рекомендаций Ассоциации онкологов России, утвержденных МЗ РФ. Для студентов, ординаторов, врачей-онкологов. 
521 8 |a Книга из коллекции СтГМУ - Медицина 
100 1 |a Койчуев А. А. 
700 1 |a Гулиева Л. А. 
856 4 |u https://e.lanbook.com/book/216821 
856 4 8 |u https://e.lanbook.com/img/cover/book/216821.jpg 
953 |a https://e.lanbook.com/img/cover/book/216821.jpg 
Cannot write session to /tmp/vufind_sessions/sess_e5cai9tpbi8l10u6pnku3m4p0m